000 00292nam a22001097a 4500
082 _a900/RED
100 _aReddy,Krishna
_981966
245 _aWorld Histroy
_bFor UPSC and State civil services examination
260 _aChennai
_bMcGraw Hill
_c2023
650 _aWorld History
_913127
942 _cBK
999 _c66212
_d66212